Una noche en Toledo / (Record no. 127457)

MARC details
000 -LEADER
campo de control de longitud fija 00455nam a2200157 4500
001 - NÚMERO DE CONTROL
campo de control 127457
003 - IDENTIFICADOR DE NÚMERO DE CONTROL
campo de control ES-MaACL
005 - FECHA Y HORA DE LA ÚLTIMA TRANSACCIÓN
campo de control 20230906193023.0
007 - CAMPO FIJO DE DESCRIPCIÓN FÍSICA--INFORMACIÓN GENERAL
campo de control de longitud fija t|
008 - DATOS DE LONGITUD FIJA--INFORMACIÓN GENERAL
campo de control de longitud fija 070214s1961 sp r ||||1| spa d
100 1# - ENTRADA PRINCIPAL--NOMBRE DE PERSONA
Nombre de persona Riera Vidal, Pedro.
9 (RLIN) 97138
245 14 - MENCIÓN DEL TÍTULO
Título Una noche en Toledo /
Mención de responsabilidad, etc. Pedro Riera Vidal.
260 ## - PUBLICACIÓN, DISTRIBUCIÓN, ETC.
Lugar de publicación, distribución, etc. Toledo :
Nombre del editor, distribuidor, etc. [s.n.],
Fecha de publicación, distribución, etc. 1961 (
Fabricante Tall. Rafael Gómez-Menor)
300 ## - DESCRIPCIÓN FÍSICA
Extensión 116 p., 8 lám. ;
Dimensiones 17 cm.
852 ## - LOCALIZACIÓN
Ubicación ES-MaACL
Número de control de estantería C-20230
Sublocalización o colección R.48320
Holdings
Estatus retirado Estado de pérdida Estado de daño No para préstamo Biblioteca de origen Biblioteca actual Ubicación en estantería Fecha de adquisición Fuente de adquisición Total de préstamos Signatura topográfica completa Código de barras Visto por última vez Precio de reemplazo Tipo de ítem Koha
        Biblioteca del Ateneo de Madrid Biblioteca del Ateneo de Madrid Galería 17/01/2008     C-20230 1132754 23/02/2023 23/02/2023 Libro impreso